|
|
|
|
| LEADER |
01643nam a2200361 a 4500 |
| 001 |
000085221 |
| 003 |
CZ BrMZK |
| 005 |
20130303152006.0 |
| 007 |
ta |
| 008 |
960815s1996 xr f cze d |
| 015 |
|
|
|a cnb000120401
|
| 020 |
|
|
|a 80-85787-40-7
|
| 035 |
|
|
|a (OCoLC)37962699
|
| 040 |
|
|
|a BOA001
|b cze
|
| 080 |
|
|
|a 885.0.01:159.923.2
|2 MRF
|
| 080 |
|
|
|a 159.923.2:885.0.01
|2 MRF
|
| 100 |
1 |
|
|a Pynsent, Robert B.,
|d 1943-2022
|7 jn19992000918
|4 aut
|
| 245 |
1 |
0 |
|a Pátrání po identitě /
|c Robert B. Pynsent ; [předmluvu napsal Jiří Rak]
|
| 250 |
|
|
|a Vyd. 1.
|
| 260 |
|
|
|a Jinočany :
|b H & H,
|c 1996
|
| 300 |
|
|
|a 278 s. ;
|c 23 cm
|
| 520 |
2 |
|
|a Anglický bohemista a slavista R. B. Pynsent (nar. 1943) se ve své studii zamýšlí nad smyslem české existence od individuální identity, přes analýzu fenoménu "Slovanstva" a vymezení nacionality
|
| 520 |
|
|
|a u Čechů a Slováků, až k provokativnímu rozboru typu mučedníků v českých dějinách.
|
| 653 |
0 |
|
|a identita
|a česká literatura
|
| 765 |
0 |
|
|t Questions of identity (Czech and Slovak ideas of nacionality and personality)
|
| 700 |
1 |
|
|a Rak, Jiří,
|d 1947-
|7 jn20000620303
|4 wfw
|
| 856 |
4 |
1 |
|u http://www.digitalniknihovna.cz/mzk/uuid/uuid:b93b25c0-160c-11e8-bdb0-005056827e51
|y Digitalizovan dokument
|
| 910 |
|
|
|a BOA001
|b 2-1022.797
|b PK-0126.023
|
| 920 |
|
|
|a 000094636
|
| 964 |
|
|
|a Literatura česká
|x identita
|
| 990 |
|
|
|a BK
|
| 996 |
7 |
|
|b 2610039313
|c 2-1022.797
|l MZK
|r Sklad / do 1 hodiny
|n 57
|p p.v.
|w 000085221
|u 000010
|a 1
|e BOA001
|j MZK50
|s A
|
| 996 |
7 |
|
|b 3119005170
|c PK-0126.023
|l MZK
|r Sklad / do 1 hodiny
|n 65
|p kup
|w 000085221
|u 000020
|a 1
|e BOA001
|j MZK50
|s A
|